| 000 | 00647nam a2200229 i 4500 | ||
|---|---|---|---|
| 001 | bg | ||
| 245 | 0 | 0 |
_aAntropologiczne podstawy wychowania : _bwybór tekstów / _cRoman Schulz. |
| 260 |
_aWarszawa : _bŻak, _c1996. |
||
| 300 |
_a312 s. : _b[1] wykr. ; _c24 cm. |
||
| 504 | _aBibliogr. s. 311-312. | ||
| 650 | 9 |
_aPedagogika _xzagadnienia |
|
| 650 | 9 |
_aAntropologia _xzagadnienia |
|
| 650 | 9 |
_aWychowanie _xzagadnienia |
|
| 700 | 1 |
_aSCHULZ, Roman. _eAut. wyboru |
|
| 020 | _a8386770104 | ||
| 040 | _cBPK | ||
| 041 | 0 | _apl | |
| 080 | _a37.01/.08:572 | ||
| 920 | _a83-86770-10-4 | ||
| 942 | _cKS | ||
| 008 | s pl f |000 0 pol | ||
| 999 |
_c30617 _d30617 |
||
| 856 |
_uhttp://koha.tu.koszalin.pl/cgi-bin/koha/opac-detail.pl?biblionumber=30617 _yKatalog online BPK |
||